Contemporary society: (Record no. 35941)

MARC details
000 -LEADER
fixed length control field 03269nam a2200421 a 4500
005 - DATE AND TIME OF LATEST TRANSACTION
control field 20101218155028.0
010 ## - LCCN (DPL NO)
LC control number B-419098-113
020 ## - INTERNATIONAL STANDARD BOOK NUMBER
International Standard Book Number 9788131730669
Terms of availability 675.00
035 ## - SYSTEM CONTROL NUMBER
System control number B-419098-113
037 ## - SOURCE OF ACQUISITION
Source of stock number/acquisition UBH
082 ## - DEWEY DECIMAL CLASSIFICATION NUMBER
Classification number 300
100 ## - MAIN ENTRY--PERSONAL NAME
Personal name Perry, John A.
245 ## - TITLE STATEMENT
Title Contemporary society:
Statement of responsibility, etc by John A. Perry [and] Erna K. Perry
Remainder of title an introduction to social science /
250 ## - EDITION STATEMENT
Edition statement 12th ed.
260 ## - PUBLICATION, DISTRIBUTION, ETC. (IMPRINT)
Place of publication, distribution, etc New Delhi
Name of publisher, distributor, etc Pearson Education
Date of publication, distribution, etc 2010
270 ## - ADDRESS
Address 14, Local Shopping Centre, Panchsheel Park
City New Delhi
Postal code 110017
300 ## - PHYSICAL DESCRIPTION
Extent xiv, 610p.
Dimensions 26cm(pbk)
Other physical details photos
500 ## - GENERAL NOTE
General note Includes references and index
700 ## - ADDED ENTRY--PERSONAL NAME
Personal name Perry, Erna K.
9 (RLIN) 24937
942 ## - ADDED ENTRY ELEMENTS (KOHA)
Source of classification or shelving scheme Dewey Decimal Classification
Item type English Books
Call number suffix PER
Classification part 300
Holdings
Withdrawn status Lost status Not for loan Collection code Home library Current library Date acquired Source of acquisition Cost, normal purchase price Full call number Barcode Copy number Cost, replacement price Koha item type
      Non-fiction Andrews Gunj Andrews Gunj 18/12/2010 UBH/078/13.8.10/64/1.7.10/25.8.10 675.00 300 PER B-419109 1 675.00 English Books
      Non-fiction Bawana Bawana 18/12/2010 UBH/078/13.8.10/64/1.7.10/25.8.10 675.00 300 PER B-419112 1 675.00 English Books
      Non-fiction Central Library Central Library 18/12/2010 UBH/078/13.8.10/64/1.7.10/25.8.10 675.00 300 PER B-419098 1 675.00 English Books
      Non-fiction Janak Puri Janak Puri 18/12/2010 UBH/078/13.8.10/64/1.7.10/25.8.10 675.00 300 PER B-419105 2 675.00 English Books
      Non-fiction Janak Puri Janak Puri 18/12/2010 UBH/078/13.8.10/64/1.7.10/25.8.10 675.00 300 PER B-419106 2 675.00 English Books
      Non-fiction Mobile Library Mobile Library 18/12/2010 UBH/078/13.8.10/64/1.7.10/25.8.10 675.00 300 PER B-419099 4 675.00 English Books
  Written-off vide DLB M. No. 383 dt 16.05.19   Non-fiction Mobile Library Mobile Library 18/12/2010 UBH/078/13.8.10/64/1.7.10/25.8.10 675.00 300 PER B-419100 4 675.00 English Books
  Written-off vide DLB M. No. 383 dt 16.05.19   Non-fiction Mobile Library Mobile Library 18/12/2010 UBH/078/13.8.10/64/1.7.10/25.8.10 675.00 300 PER B-419101 4 675.00 English Books
      Non-fiction Mobile Library Mobile Library 18/12/2010 UBH/078/13.8.10/64/1.7.10/25.8.10 675.00 300 PER B-419102 4 675.00 English Books
      Non-fiction New Police Line New Police Line 18/12/2010 UBH/078/13.8.10/64/1.7.10/25.8.10 675.00 300 PER B-419103 1 675.00 English Books
      Non-fiction Patel Nagar Patel Nagar 18/12/2010 UBH/078/13.8.10/64/1.7.10/25.8.10 675.00 300 PER B-419104 1 675.00 English Books
      Non-fiction R.K.Puram-8 R.K.Puram-8 18/12/2010 UBH/078/13.8.10/64/1.7.10/25.8.10 675.00 300 PER B-419108 1 675.00 English Books
      Non-fiction Sarojini Nagar Sarojini Nagar 18/12/2010 UBH/078/13.8.10/64/1.7.10/25.8.10 675.00 300 PER B-419107 1 675.00 English Books
      Non-fiction Shahdara Branch Shahdara Branch 18/12/2010 UBH/078/13.8.10/64/1.7.10/25.8.10 675.00 300 PER B-419113 1 675.00 English Books
  Written-off vide DLB M. No. 383 dt 16.05.19   Non-fiction Sriniwas Puri Sriniwas Puri 18/12/2010 UBH/078/13.8.10/64/1.7.10/25.8.10 675.00 300 PER B-419110 1 675.00 English Books
      Non-fiction Vinoba Puri Vinoba Puri 18/12/2010 UBH/078/13.8.10/64/1.7.10/25.8.10 675.00 300 PER B-419111 1 675.00 English Books

© Delhi Public Library
Hit Counter
free hit counter